Statistics for Australia & New Zealand Cities by Image

Click here to take the quiz!

General Stats

  • This quiz has been taken 105 times
  • The average score is 8 of 15

Answer Stats

Answer% Correct
Sydney
97%
Auckland
84%
Perth
72%
Melbourne
70%
Brisbane
67%
Wellington
67%
Canberra
59%
Christchurch
58%
Adelaide
50%
Hobart
48%
Dunedin
43%
Darwin
36%
Cairns
29%
New Plymouth
20%
Invercargill
8%

Score Distribution

Percentile by Number Answered

Percent of People with Each Score

Your Score History

You have not taken this quiz